000 00606nam a22001937a 4500
005 20251108174541.0
008 250721s2004 xx 000 0 ara d
082 1 4 _a616.46/تان
100 1 _aابو عابد، مجدي عبد الرحيم
_eمترجم
245 1 0 _aسميث عموميات الجراحة البولية /
264 1 _aدمشق :
_bدار المنجد،
_c2004.
300 _a757
650 1 7 _aالجراحه
650 1 7 _aالجهاز البولي
700 1 _atanagho، emil A.
_eمؤلف
700 1 _aMc.Aninch.md، Jack w
_eمؤلف
942 _2ddc
_cBK
999 _c112016
_d112016